000 00311nam a22001337a 4500
008 170929b xxu||||| |||| 00| 0 eng d
020 _a9790673992856
041 _aeng
080 _24 ED
_a37
100 _a47
101 _aEDU
245 _aBREAKING THROUGH COLLEGE READING
_cSMITH.B
942 _2udc
_cBK
999 _c30699
_d30699